Japan quest : An illustrated opinion of modern Japanese life

Сохранить в:
Библиографические подробности
Главный автор: Paul, Jacqueline
Формат:
Язык:Undetermined
Опубликовано: Tokyo Uchida Rokakuho Publishing House 1962
Предметы:
Метки: Добавить метку
Нет меток, Требуется 1-ая метка записи!
Thư viện lưu trữ: Trung tâm Học liệu Trường Đại học Cần Thơ
LEADER 00551nam a2200205Ia 4500
001 CTU_114413
008 210402s9999 xx 000 0 und d
082 |a 915.2 
082 |b P324 
100 |a Paul, Jacqueline 
245 0 |a Japan quest : 
245 3 |b An illustrated opinion of modern Japanese life 
245 0 |c Jacqueline Paul 
260 |a Tokyo 
260 |b Uchida Rokakuho Publishing House 
260 |c 1962 
650 |a Japan 
650 |x Civilization 
904 |i Giang 
980 |a Trung tâm Học liệu Trường Đại học Cần Thơ